Le Handball - Statistiques

Statistiques générales
  • Ce quiz a été pris 169 fois
    63 depuis la dernière actualisation
  • Le résultat moyen est 9 sur 11
Statistiques - réponses
Questions Réponses % Correct
Le seul joueur qui peut manipuler le ballon dans la zone Gardien
100%
Le poste le plus proche de la zone Pivot
93%
Nombre maximal de joueurs sur le terrain 7
89%
Quel carton est synonyme d'exclusion définitive ? Carton rouge
89%
Action consistant à faire rebondir le ballon Dribble
89%
1 minute posée par un coach Temps mort
89%
Comment appelle-t-on la zone située entre les poteaux ? But
80%
L'ensemble des joueurs d'un même club Equipe
78%
Elle peut être de contact, anti-jeu ou pouvant provoquer un penalty Faute
78%
Pointillés autour de la zone 9 mètres
71%
Quel geste défensif consiste à empêcher le tir en levant les bras ? Ceinturer
2%
Aucun quiz correspondant
Distribution des résultats
% des personnes avec chaque résultat
Percentile par nombre de réponses
Votre historique - résultats
Vous n’avez pas pris ce quiz depuis la dernière actualisation